Länder mit höchsten E-Sport Einnahmen - Statistiken

Allgemein
  • Dieses Quiz wurde 90 mal gespielt
  • Das Durchschnittsergebnis liegt bei 14 aus 20
Antwortstatistiken
Geld in $ Land % Korrekt
288,969,286 Vereinigte Staaten
100%
51,449,804 Deutschland
99%
321,552,093 China
96%
39,309,684 Japan
96%
58,354,226 Frankreich
91%
153,241,517 Südkorea
89%
89,284,344 Russland
86%
49,153,363 Kanada
85%
68,477,943 Brasilien
84%
47,103,854 Vereinigtes Königreich
84%
32,523,883 Australien
75%
30,344,285 Polen
74%
56,708,512 Schweden
67%
61,700,828 Dänemark
53%
33,465,754 Finnland
51%
30,373,731 Thailand
43%
38,289,636 Ukraine
41%
22,196,486 Taiwan
37%
22,518,535 Malaysia
25%
24,382,762 Philippinen
21%
Keine übereinstimmenden Quizze gefunden
Verteilung der Resultate
Anzahl Personen mit jedem Resultat
Perzentil nach korrekt beantworteten Fragen
Ihre Resultats-Entwicklung
Sie haben dieses Quiz noch nicht gespielt